Historia de las doctrinas cooperativas /
Guardado en:
| Otros Autores: | |
|---|---|
| Formato: | Libro |
| Idioma: | Spanish |
| Publicado: |
Buenos Aires :
INTERCOOP, Editora Cooperativa Ltda.,
1977.
|
| Series: | Ediciones Intercoop/Argentina. Serie Iniciación ;
3. |
| Materias: | |
| Etiquetas: |
Agregar Etiqueta
Sin Etiquetas, Sea el primero en etiquetar este registro!
|
| LEADER | 00936nam a22002055 4500 | ||
|---|---|---|---|
| 001 | EAD.ead002822 | ||
| 008 | 080718s1977####ag############000#0#spa#d | ||
| 005 | 20110602113014.0 | ||
| 245 | 1 | 0 | |a Historia de las doctrinas cooperativas / |c José Rodríguez Tarditi (compilador). |
| 260 | |a Buenos Aires : |b INTERCOOP, Editora Cooperativa Ltda., |c 1977. | ||
| 300 | |a 52 p. ; |c 20 cm. | ||
| 490 | 1 | |a Ediciones Intercoop/Argentina. Serie Iniciación ; |v 3 | |
| 500 | |a "Este trabajo ha sido realizado siguiendo los lineamientos de la obra 'Historia de las doctrinas cooperativas' de Gromoslav Mladenatz, 1969"--Portada. | ||
| 100 | 1 | |a Rodríguez Tarditi, José. |4 com | |
| 830 | 0 | |a Ediciones Intercoop/Argentina. |p Serie Iniciación ; |v 3. | |
| 082 | 0 | 4 | |a 334.01 |2 21 |
| 653 | |a Doctrina cooperativa | ||
| 650 | 7 | |a Historia. |2 unbist | |
| 650 | 7 | |a Organizaciones internacionales. |2 unbist | |
| 859 | |a AR-BaBDC |b BIB. ADMINISTRACION GABCOOP - Libros |h 334.01 |i R618 |p g00044 | ||
